| 000 | 00997nam a2200205Ia 4500 | ||
|---|---|---|---|
| 003 | Ost | ||
| 005 | 20260507075612.0 | ||
| 008 | 260507s9999||||xx |||||||||||||| ||und|| | ||
| 040 | _cfsecg | ||
| 041 | _aara | ||
| 082 | _a346.066 | ||
| 100 |
_aسرحان، سعودي _eمؤلف |
||
| 245 | 0 |
_aفكرة ممثل الشركة الظاهر بين المنطق القانوني المجرد و ضرورات الحياة العملية / _c سعودي سرحان |
|
| 260 |
_aالقاهرة: _bدار ياسر, _c2000 |
||
| 300 |
_a146 صفحة؛ _c24 سم |
||
| 504 | _a المراجع ص.139 | ||
| 520 | _aمفهوم ممثل الشركة الظاهر، حكم تصرفات ممثل الشركة الظاهر، الأساس القانوني لتصحيح تصرفات ممثل الشركة الظاهر، المنتج المقترح لتأسيس مبدأ تصحيح تصرفات ممثل الشركة الظاهر | ||
| 653 | _aالشركات-قوانين وتشريعات | ||
| 942 | _cكتاب | ||
| 999 |
_c45080 _d45080 |
||